Score 0/20 Timer 03:00
1 Play Today
Distance Country % Correct
327.1 kmGermany
98.9%
116.2 kmDenmark
96.5%
296.0 kmUnited Kingdom
96.5%
829.6 kmFrance
95.9%
609.8 kmPoland
95.5%
738.0 kmBelgium
95.3%
494.5 kmThe Netherlands
95%
599.4 kmLatvia
91.1%
563.5 kmEstonia
89.9%
1,117.2 kmAustria
89.4%
Distance Country % Correct
963.5 kmIceland
88.8%
845.8 kmIreland
88.8%
644.2 kmLithuania
88.8%
1,135.5 kmSwitzerland
88.5%
870.9 kmLuxembourg
88.1%
881.6 kmCzechia
84.4%
911.6 kmBelarus
83.6%
1,105.8 kmUkraine
81.9%
1,205.6 kmSlovakia
79%
1,202.3 kmLiechtenstein
76.5%
Remove Ads.
Support Sporcle.
Get the best of Sporcle when you Go Orange. This ad-free experience offers more features, more stats, and more fun while also helping to support Sporcle. Thank you for becoming a member.

You're not logged in!

Compare scores with friends on all Sporcle quizzes.
OR
Log In

Sporcle TV

Today on Sporcle TV


Watch our educational content, quiz creation guides, and fun videos on Sporcle TV.

Show Comments

Extras

Top Quizzes Today


Score Distribution

Paid Content

Your Account Isn't Verified!

In order to create a playlist on Sporcle, you need to verify the email address you used during registration. Go to your Sporcle Settings to finish the process.

Report this User

Report this user for behavior that violates our Community Guidelines.

Details: